Vplyv súčasnej monetárnej politiky ECB na európske dlhopisové trhy bakalárska práca

Salvato in:
Dettagli Bibliografici
Autore principale: Brecko, Lukáš
Ente Autore: Podnikovohospodárska fakulta EU so sídlom v Košiciach. Katedra ekonómie
Altri autori: Verner, Robert, 1986-
Natura: Libro
Lingua:slovacco
Pubblicazione: Košice 2017
Tags: Aggiungi Tag
Nessun Tag, puoi essere il primo ad aggiungerne!!

MARC

LEADER 00000nbm a2200000 4500
001 0237594
005 20240827093203.1
041 0 |a slo 
044 |a SK 
245 1 0 |a Vplyv súčasnej monetárnej politiky ECB na európske dlhopisové trhy  |b bakalárska práca  |c Lukáš Brecko ; školiteľ: Róbert Verner 
264 1 |a Košice  |c 2017 
300 |a 46 s. 
100 1 |a Brecko, Lukáš 
700 1 |a Verner, Robert, 1986- 
710 2 |a Podnikovohospodárska fakulta EU so sídlom v Košiciach. Katedra ekonómie